[Event "Bogota AlphaZero op"]
[Site "Bogota"]
[Date "2018.08.17"]
[Round "1"]
[White "Torrente, Alejandro Josue"]
[Black "Higuera Rojas, Andres Felipe"]
[Result "1-0"]
[WhiteElo "2068"]
[BlackElo "1615"]
[PlyCount "99"]
[EventDate "2018.08.17"]
[EventType "swiss"]
[EventRounds "7"]
[EventCountry "COL"]
[SourceTitle "CBM 186 Extra"]
[Source "ChessBase"]
[SourceDate "2018.08.24"]
[SourceVersion "1"]
[SourceVersionDate "2018.08.24"]
[SourceQuality "1"]

1. e4 e6 2. d4 d5 3. Nc3 Nf6 4. e5 Nfd7 5. f4 c5 6. Nf3 Qb6 7. a3 Nc6 8. Be3 cxd4 9. Nxd4 Bc5 10. Na4 Qa5+ 11. c3 Bxd4 12. Bxd4 0-0 13. b4 Qc7 14. Rc1 f6 15. Nc5 Nxc5 16. Bxc5 Rf7 17. Bd6 Qb6 18. Qd2 fxe5 19. fxe5 Bd7 20. b5 Na5 21. Qd4 Qd8 22. Rb1 b6 23. h4 Rc8 24. Bd3 Nc4 25. Bb4 Bxb5 26. Rh3 Be8 27. Rf3 Rcc7 28. Rd1 Rxf3 29. gxf3 Bh5 30. Bxc4 Bxf3 31. Be2 Bxe2 32. Kxe2 Qe8 33. Qg4 a5 34. Bd6 Rxc3 35. Rf1 Qb5+ 36. Kf2 Qb2+ 37. Kg1 h6 38. Qxe6+ Kh7 39. Qf5+ Kh8 40. Qg4 Rc1 41. e6 Rxf1+ 42. Kxf1 Qc1+ 43. Kf2 Qc2+ 44. Qe2 Qf5+ 45. Kg2 Qg6+ 46. Bg3 Kg8 47. e7 Qe8 48. Qe6+ Kh7 49. h5 d4 50. Qg6+ 1-0